| 000 | 01164nam2a2200313 4500 | ||
|---|---|---|---|
| 001 | RU\NLR\DIGIT\508672 | ||
| 005 | 20250806204156.0 | ||
| 035 | _a(NLR Aleph) 010325245 | ||
| 090 |
_a40608 _c40608 |
||
| 100 | _a20250806 rusy50 | ||
| 101 | 0 | _arus | |
| 102 | _aRU | ||
| 135 | _acrgn 008apabr | ||
| 200 | 0 | _a1944, №53 (3 июн.) | |
| 210 | _d1944 | ||
| 325 | _aКопия доступна в Электрон. б-ке РНБ http://vivaldi.nlr.ru/pn000133698/view | ||
| 461 | 0 |
_1001RU\NLR\DIGIT\133458 _12001#$aКрасногвардейская правда$v1944, №53 (3 июн.) |
|
| 607 |
_aГатчина город _xгазета |
||
| 801 | 2 |
_aRU _bNLR _c20140211 _2rusmarc |
|
| 852 |
_aNLR _bГаз. _jР 632 _p34638 |
||
| 856 | 0 | _uhttp://vivaldi.nlr.ru/pn000133698/view | |
| 856 | 1 | _uhttp://vivaldi.nlr.ru/pn000133698/cover | |
| 856 | 2 | _uhttp://vivaldi.nlr.ru/pn000133698/text | |
| 942 | _cISSNP | ||
| 945 | _aРоссийская национальная библиотека | ||
| 980 | _aNB | ||
| 980 | _aBV | ||
| 981 | 2 | 7 |
_a(27) Периодические издания _b(27) Газеты |